Central Library OPAC University of Rajshahi

Biotechnology for solving agricultural problems : (Record no. 55575)

MARC details
000 -LEADER
fixed length control field 03223nam a2200277 4500
001 - CONTROL NUMBER
control field 55575
003 - CONTROL NUMBER IDENTIFIER
rucl marc code BD-RjUL
005 - DATE AND TIME OF LATEST TRANSACTION
control field 20211209080302.0
008 - FIXED-LENGTH DATA ELEMENTS--GENERAL INFORMATION
fixed length control field 161120s1986 uc ||||| |||| 00| 0 eng d
020 ## - INTERNATIONAL STANDARD BOOK NUMBER
International Standard Book Number 9024733111
035 ## - SYSTEM CONTROL NUMBER
System control number (BD-RjUL)55698
040 ## - CATALOGING SOURCE
Language of cataloging ENG
Transcribing agency BD-RjUL
041 ## - LANGUAGE CODE
Language code of text/sound track or separate title ENG
082 ## - DEWEY DECIMAL CLASSIFICATION NUMBER
Edition number 23
Classification number 630
Author mark and year AUB 1986
100 ## - MAIN ENTRY--PERSONAL NAME
Personal name Augustine, Patricia C ; Danforth, Harry D and Bakst, Murray R
9 (RLIN) 165555
245 ## - TITLE STATEMENT
Title Biotechnology for solving agricultural problems :
Remainder of title invited papers presented at a symposium held May 5-9, 1985, at the Beltsville Agricultural Research Center (BARC), Beltsville, Maryland/
Statement of responsibility, etc. Patricia C Augustine; Harry D Danforth; Murray R Bakst
260 ## - PUBLICATION, DISTRIBUTION, ETC. (IMPRINT)
Place of publication, distribution, etc. Dordrecht [Netherlands] ; Boston : M. Nijhoff ; Hingham, MA, USA :
Name of publisher, distributor, etc. Distributor for the U.S. and Canada, Kluwer Academic Publishers,
Date of publication, distribution, etc. 1986.
300 ## - PHYSICAL DESCRIPTION
Pagination 416 p. :
Illustrations illustrations ;
Size 25 cm.
490 ## - SERIES STATEMENT
Series statement Beltsville symposia in agricultural research, 10.
505 ## - FORMATTED CONTENTS NOTE
Formatted contents note Introduction: Biotechnology in Perspective.- 1: An Overview of Biotechnology.- 2. Recombinant DNA - An Introduction.- 3. Gene Mapping in Domestic Animals.- 4. Application of Hybridoma Technology to Problems in the Agricultural Sciences.- 5. Pronuclear Transplantation Reveals Progressive Imprinting of the Genome during Gametogenesis.- 6. Somaclonal and Gametoclonal Variation.- 2: Genetic Modifications.- 7. Lectin Genes and a Transposable Element in Soybean.- 8. Microinjection for Polygenic Traits.- 9. Flow Cytometry: Analysis and Sorting of X and Y Chromosome-Bearing Spermatozoa.- 10. Modification of the Germ Line in Animals.- 11. Root Culture System Useful in the Study of Biotrophic Root Pathogens in Vitro.- 12. Identification of CIS-Acting Regulatory Sequences by P Element-Mediated Germline Transformation of Drosophila Embryos.- 3: Nutrition.- 13. Insulin and Insulin Receptors in Early Chick Embryo Development.- 14. Agricultural Opportunities from Nitrogen Fixation Research.- 15. Biochemistry and Genetics of Microbial Iron Assimilation.- 16. Molecular Biology of Zinc.- 4: Health and Disease.- 17. Novel Approaches to Improving Disease Resistance in Plants.- 18. Molecular Response of Plants to Infection.- 19. Biocontrol of Insects - Bacillus Thuringiensis.- 20. Spectrum of Cellular Immune Responses in Host Resistance.- 21. Genetic Control of Host Resistance to Diseases.- 22. Genomic and Antigenic Variation of African Swine Fever Virus.- 23. Genetic Manipulation of Escherichia Coli K99 Pilus Production.- 24. Vaccinia Virus Vectors.- 25. A Genetic Engineering Methodology for Insect Pest Control: Female Sterilizing Genes.- 5: Natural Resources Management.- 26. Biotechnology in Pesticide Environmental Research.- 27. Genetic and Molecular Basis of the Microbial Degradation of Herbicides and Pesticides.- 28. The Challenges of Conferring Herbicide Resistance on Crops.- 29. Biotechnology, "Avian Society," and "Human Society".- 30. Overview Address.- Indexes. Series Title: Beltsville symposia in agricultural research, 10.
650 ## - SUBJECT ADDED ENTRY--TOPICAL TERM
Topical term or geographic name as entry element Agricultural biotechnology
9 (RLIN) 165556
700 ## - ADDED ENTRY--PERSONAL NAME
Personal name Augustine, Patricia C ;
Personal name Danforth, Harry D and
Personal name Bakst, Murray R
942 ## - ADDED ENTRY ELEMENTS (KOHA)
Source of classification or shelving scheme Dewey Decimal Classification
Koha item type Books
Holdings
Lost status Source of classification or shelving scheme Damaged status Not for loan Permanent Location Current Location Shelving location Date acquired Source of acquisition Cost, normal purchase price Total Checkouts Full call number Date last seen Copy number Koha item type
  Dewey Decimal Classification   Not For Loan Institute of Biological Sciences (IBSc) Library Institute of Biological Sciences (IBSc) Library Institute Library 02/01/1998 Purchase 0.00   630 AUB 1986 20/11/2016 C-1 Books